[Event "Hong Kong Jolimark op"]
[Site "Hong Kong"]
[Date "2016.12.29"]
[Round "8"]
[White "Shi, William"]
[Black "Wong, Shyun Fwu Aldrin"]
[Result "0-1"]
[WhiteElo "1756"]
[BlackElo "1655"]
[PlyCount "36"]
[EventDate "2016.12.26"]
[EventType "swiss"]
[EventRounds "9"]
[EventCountry "HKG"]
[SourceTitle "CBM 176 Extra"]
[Source "ChessBase"]
[SourceDate "2017.03.02"]
[SourceVersion "1"]
[SourceVersionDate "2017.03.02"]
[SourceQuality "1"]

1. e4 e5 2. Nf3 Nc6 3. Bb5 a6 4. Ba4 Nf6 5. 0-0 b5 6. Bb3 Bc5 7. h3 d6 8. c3 h6 9. Re1 0-0 10. d4 Bb6 11. d5 Ne7 12. Nbd2 Ng6 13. Nf1 Nh5 14. Nxe5 Qh4 15. Nd3 Bxh3 16. gxh3 Qxh3 17. Be3 Nh4 18. Nf4 Nxf4 0-1

[Event "Hong Kong Jolimark op"]
[Site "Hong Kong"]
[Date "2016.12.28"]
[Round "5"]
[White "Ang, Jing Xuan"]
[Black "Shi, William"]
[Result "0-1"]
[WhiteElo "1599"]
[BlackElo "1756"]
[PlyCount "128"]
[EventDate "2016.12.26"]
[EventType "swiss"]
[EventRounds "9"]
[EventCountry "HKG"]
[SourceTitle "CBM 176 Extra"]
[Source "ChessBase"]
[SourceDate "2017.03.02"]
[SourceVersion "1"]
[SourceVersionDate "2017.03.02"]
[SourceQuality "1"]

1. e4 c5 2. Nf3 e6 3. d4 cxd4 4. Nxd4 Nc6 5. Nxc6 bxc6 6. Bd3 Nf6 7. 0-0 d5 8. Nd2 Be7 9. c4 0-0 10. Qe2 Qc7 11. b3 Bd6 12. h3 Be5 13. Rb1 Rd8 14. Nf3 dxe4 15. Bxe4 Bd6 16. Bc2 Bb7 17. Bb2 Be7 18. Ng5 h6 19. Ne4 Nd7 20. Rbd1 c5 21. Nc3 Nf6 22. Nb5 Qc6 23. f3 a6 24. Nc3 Qc7 25. Ne4 Bxe4 26. Rxd8+ Rxd8 27. Bxf6 Bxf3 28. Be5 Bxe2 29. Bxc7 Rd2 30. Rc1 Bg5 31. Ba5 Rd7 32. Re1 Be3+ 33. Kh1 Bd2 34. Rxe2 Bxa5 35. g4 Bb4 36. Kg2 Kf8 37. Kf3 Ke7 38. Ke3 Bc3 39. Bd3 Bf6 40. Bc2 Bg5+ 41. Kf3 Rd4 42. Re4 Rd2 43. Re2 Rxe2 44. Kxe2 Kd6 45. Kf3 Ke5 46. a4 Kd4 47. Ke2 Ke5 48. Kf3 f5 49. gxf5 exf5 50. Bb1 g6 51. Bc2 Bh4 52. Ke3 Bg5+ 53. Kf3 Bc1 54. Ke2 Kf4 55. b4 cxb4 56. c5 Be3 57. c6 Bb6 58. Bd3 a5 59. Bc4 Kg3 60. Bf7 g5 61. Be6 Kxh3 62. Bxf5+ g4 63. Kf1 h5 64. Be4 Kh2 0-1

[Event "Hong Kong Jolimark op"]
[Site "Hong Kong"]
[Date "2016.12.27"]
[Round "3"]
[White "Song, Estella"]
[Black "Shi, William"]
[Result "1-0"]
[WhiteElo "1541"]
[BlackElo "1756"]
[PlyCount "115"]
[EventDate "2016.12.26"]
[EventType "swiss"]
[EventRounds "9"]
[EventCountry "HKG"]
[SourceTitle "CBM 176 Extra"]
[Source "ChessBase"]
[SourceDate "2017.03.02"]
[SourceVersion "1"]
[SourceVersionDate "2017.03.02"]
[SourceQuality "1"]

1. e4 c5 2. c3 d5 3. exd5 Qxd5 4. d4 Nf6 5. Nf3 e6 6. Be3 cxd4 7. Bxd4 Be7 8. Bd3 Nc6 9. Be3 0-0 10. h3 Rd8 11. Be2 Qf5 12. Qb3 Nd5 13. Bd2 Nf4 14. Bxf4 Qxf4 15. 0-0 Ne5 16. Nxe5 Qxe5 17. Qb5 Qf4 18. Qc4 Qf6 19. Bd3 Bf8 20. Nd2 g6 21. Nf3 Bg7 22. Be4 Qe7 23. Rfd1 Rf8 24. Nd4 e5 25. Nb3 Be6 26. Qb5 Rab8 27. Nc5 Bc8 28. Rd2 Bxh3 29. Rad1 Bh6 30. Rd3 Bg4 31. Re1 b6 32. Nd7 a6 33. Qxe5 Qxe5 34. Nxe5 Be6 35. Nd7 Bxd7 36. Rxd7 Rfe8 37. f3 Kf8 38. Red1 f5 39. Bd3 Bf4 40. Bc4 Re7 41. Rxe7 Kxe7 42. Bxa6 b5 43. Rd5 Ke6 44. Rxb5 Ra8 45. Bb7 Rxa2 46. Bd5+ Kd6 47. Bxa2 Kc6 48. Bc4 h5 49. Kf2 h4 50. b4 Bg3+ 51. Ke2 Be5 52. Rxe5 h3 53. gxh3 g5 54. b5+ Kb6 55. Re6+ Kb7 56. Bd5+ Kc8 57. b6 Kb8 58. Re8# 1-0

[Event "Windsor NAYCC U12"]
[Site "Windsor"]
[Date "2016.08.09"]
[Round "5.88"]
[White "Shi, William"]
[Black "Zheng, Victor"]
[Result "1-0"]
[WhiteElo "1753"]
[BlackElo "1852"]
[PlyCount "95"]
[EventDate "2016.08.07"]
[EventType "swiss"]
[EventRounds "9"]
[EventCountry "CAN"]
[SourceTitle "EXT 2022"]
[Source "ChessBase"]
[SourceDate "2021.10.06"]
[SourceVersion "1"]
[SourceVersionDate "2021.10.06"]
[SourceQuality "1"]

1. e4 c5 2. Nf3 d6 3. d4 cxd4 4. Nxd4 Nf6 5. Nc3 a6 6. Be3 e5 7. Nb3 Be6 8. f3 Be7 9. Qd2 Nbd7 10. g4 b5 11. g5 b4 12. Ne2 Nh5 13. Ng3 Nf4 14. h4 a5 15. Bxf4 exf4 16. Nh5 0-0 17. Nd4 Qb6 18. Nxf4 Ne5 19. 0-0-0 a4 20. Nfxe6 fxe6 21. f4 b3 22. Kb1 bxa2+ 23. Kxa2 Rab8 24. Rb1 Nc6 25. Nxe6 d5 26. Nxf8 Kxf8 27. Be2 dxe4 28. Rh3 Bc5 29. Bc4 e3 30. Qe2 a3 31. b3 Nb4+ 32. Kxa3 Qa5+ 33. Kb2 Qa2+ 34. Kc1 Nd3+ 35. Qxd3 Ba3+ 36. Kd1 Qxb1+ 37. Ke2 Qg1 38. Qf5+ Ke8 39. Rxe3+ Kd8 40. Qa5+ Kd7 41. Qa7+ Kc6 42. Re6+ Bd6 43. Qxg1 Rc8 44. Qg2+ Kd7 45. Qd5 Rc6 46. Bb5 Kd8 47. Qxc6 Bxf4 48. Re8# 1-0